Địa lí tự nhiên đại cương 2 : Giáo trình Cao đẳng Sư phạm

Cuốn sách này nhằm cung cấp những tài liệu và gợi ý về phương pháp dạy học phần Khí quyển và Thuỷ quyển trong môn học địa lí tự nhiên đại cương cho giáo viên và sinh viên trường Cao đẳng Sư phạm Việt Nam. Nội dung kiến thức được cấu...

Descripción completa

Guardado en:
Detalles Bibliográficos
Autor principal: Hoàng, Ngọc Oanh
Formato: Libro
Lenguaje:Undetermined
Publicado: Hà Nội Đại học Sư phạm Hà Nội 2006
Materias:
Etiquetas: Agregar Etiqueta
Sin Etiquetas, Sea el primero en etiquetar este registro!
Thư viện lưu trữ: Trung tâm Học liệu Trường Đại học Cần Thơ
LEADER 01272nam a2200217Ia 4500
001 CTU_124502
008 210402s9999 xx 000 0 und d
020 |c 36000 
082 |a 910.01 
082 |b O.408/Q.2 
100 |a Hoàng, Ngọc Oanh 
245 0 |a Địa lí tự nhiên đại cương 2 : 
245 0 |b Giáo trình Cao đẳng Sư phạm 
245 0 |c Hoàng Ngọc Oanh (chủ biên), Nguyễn Văn Âu 
260 |a Hà Nội 
260 |b Đại học Sư phạm Hà Nội 
260 |c 2006 
520 |a Cuốn sách này nhằm cung cấp những tài liệu và gợi ý về phương pháp dạy học phần Khí quyển và Thuỷ quyển trong môn học địa lí tự nhiên đại cương cho giáo viên và sinh viên trường Cao đẳng Sư phạm Việt Nam. Nội dung kiến thức được cấu tạo phù hợp với hoạt động dạy học theo phương pháp mới và được tăng cường bằng những bài đọc thêm, sách tham khảo, câu hỏi, bài tập, bảng số, hình vẽ... 
650 |a Geography 
904 |i Hiếu 
980 |a Trung tâm Học liệu Trường Đại học Cần Thơ